Las claves de la vida : ingeniería genética /
Segundo de seis tomos de esta serie sobre varios de los más importantes avances de la ciencia a lo largo del siglo XX. A partir de los análisis de fósiles humanos hallados en Teotihuacan, el programa aborda el nacimiento y desarrollo de la ingeniería genética, disciplina revolucionaria surgida en la...
Na minha lista:
| Autor principal: | |
|---|---|
| Outros Autores: | , , , , , , |
| Formato: | |
| Idioma: | espanhol |
| Publicado em: |
México :
Secretaría de Educación Pública : Instituto Latinoamericano de la Comunicación Educativa,
2000, c2000
|
| Colecção: | (Revoluciones Científicas Siglo XX ;
2) |
| Assuntos: | |
| Tags: |
Sem tags, seja o primeiro a adicionar uma tag!
|
MARC
| LEADER | 00000ngm^a2200000^a^4500 | ||
|---|---|---|---|
| 001 | 000136015 | ||
| 005 | 20250521000000.0 | ||
| 009 | 20260310095304.788 | ||
| 037 | |a Acervo ITESO - Biblioteca | ||
| 041 | |a ESP | ||
| 082 | |a 509. |b FOR V. 2 | ||
| 100 | |a Fortes Besprosvani, Mauricio |e (coord.) | ||
| 240 | 1 | 1 | |a [Revoluciones científicas siglo XX] |
| 245 | 1 | 4 | |a Las claves de la vida : |b ingeniería genética / |c Coord. de la serie de M. Fortes Besprosvani ; dir. de J. Villela Vega. |
| 264 | 4 | |a México : |b Secretaría de Educación Pública : |b Instituto Latinoamericano de la Comunicación Educativa, |c 2000, c2000 | |
| 300 | |a 1 videocasete VHS |c (28 min.) | ||
| 336 | |a imagen móvil bidimensional |b tdi |2 rdacontenido | ||
| 337 | |a video |b v |2 rdamedio | ||
| 338 | |a videocasete |b vf |2 rdasoporte | ||
| 440 | 1 | |a (Revoluciones Científicas Siglo XX ; |v 2) | |
| 520 | |a Segundo de seis tomos de esta serie sobre varios de los más importantes avances de la ciencia a lo largo del siglo XX. A partir de los análisis de fósiles humanos hallados en Teotihuacan, el programa aborda el nacimiento y desarrollo de la ingeniería genética, disciplina revolucionaria surgida en la mitad del siglo XX que originó el mapeo del genoma humano. | ||
| 649 | |a XX | ||
| 650 | |a Paleontología - |z Teotihuacan, México (Estado) | ||
| 650 | |a Genoma Humano | ||
| 650 | |a Ingeniería Genética | ||
| 650 | |a Genética Humana | ||
| 650 | |a Herencia Humana | ||
| 650 | |a Evolución | ||
| 650 | |a Biología | ||
| 650 | |a Descubrimientos Científicos | ||
| 650 | |a Ciencia - |z México - |x Historia - |y Siglo XX | ||
| 650 | |a Ciencia - |x Historia - |y Siglo XX | ||
| 700 | |a Villela Vega, Jorge |e (realización) | ||
| 700 | |a Chávez Arredondo, Nemesio |e (guión) | ||
| 700 | |a Ascensio Rex, Jaime |e (fotógrafo) | ||
| 700 | |a Orendáin, Alejandro |e (fotógrafo) | ||
| 700 | |a Tamez Domínguez, Gerardo |e (música) | ||
| 700 | |a Orozco Heredia, Yadira |e (actuación) | ||
| 700 | |a Arellano Valdés, Angel |e (actuación) | ||
| 910 | |a Fondo General | ||
| 920 | |a Audiovisuales - Videocasetes | ||
| 905 | |a 301 | ||
| 901 | |a 0500055710 |b IT2 |c VIS |u 20250521 | ||
| 902 | |a https://opac.biblio.iteso.mx/vufind/Record/000136015 | ||